Car Brands (hard version) - Statistics

General Stats
  • This quiz has been taken 3,548 times
  • The average score is 8 of 18
Answer Stats
Model Brand % Correct
911 Porsche
93%
A4 Audi
92%
M3 E36 BMW
90%
F40 Ferrari
89%
XJ6 Jaguar
74%
S80 Volvo
64%
307 Peugeot
63%
C6 Citroën
54%
R19 Renault
45%
159 Alfa-Romeo
41%
126p Fiat
40%
VAZ 2106 Lada
28%
130 RS Škoda
23%
GAZ-24 Volga
14%
620TI Rover
12%
57 Maybach
8%
613 Tatra
5%
Club 11 R Oltcit
4%
No matching quizzes found
Score Distribution
Percent of People with Each Score
Percentile by Number Answered
Your Score History
You have not taken this quiz